| 000 | 00650nam a2200169 u 4500 | ||
|---|---|---|---|
| 001 | 000002640 | ||
| 005 | 20200929150227.0 | ||
| 008 | 090703s2002 dr a r 000 0 spa d | ||
| 040 |
_aDO-SdBNP _bspa _cBNPHU |
||
| 082 | _bR696e | ||
| 100 | 1 |
_aRodríguez Román, Francisco José _98330 |
|
| 245 | 1 | 3 |
_aLa experiencia exitosa de gestión tributaria municipal del ayuntamiento de Santiago / _cFrancisco José Rodríguez Román. |
| 260 |
_aRepública Dominicana : _bDirección General de Impuestos Internos _bCooperación Técnica Alemana, _c2002. |
||
| 300 |
_bil. ; _c22 cm. |
||
| 500 | _aIncluye índice | ||
| 500 | _aLecciones aprendidas y recomendaciones | ||
| 999 |
_c2476 _d2476 |
||